000 00923nam a2200289 i 4500
003 EG-GICUC
005 20260219183519.0
008 260219s1957 us ||||fr|||| 00| 0 eng d
040 _aEG-GiCUC
_beng
_cEG-GiCUC
_dEG-GiCUC
_eRda
082 0 4 _221
_a341.72
_bJE . I
092 0 4 _221
099 _aLaw1 11 341.72 JE . I 1957
100 1 _aJenks, C. Wilfred
_eAuthor.
245 1 4 _aThe International Protection of Trade Union Freedom /
_b
_n
_cC. Wilfred Jenks.
264 1 _aNew York :
_bFrederick a. Praeger,
_c1957.
300 _a592page :
_billustration ;
_c 24 cm.
336 _2rda contenu
_a texte
337 _2rda medias
_aOrdinateur
338 _2 transporteur rda
_a Ressource en ligne
504 _a
546 _aText in English
650 1 4 _aPublic international law
_2
651 1 _2
856 4 0 _uhttps://fll.law.cu.edu.eg/fulltext/bks/B11-07402.pdf
905 _a50
942 _2ddc
_cBK
_e21
_n0
999 _c63858
_d63858